[Event "LSS No Engine Cup 39 Final"]
[Site "LSS email"]
[Date "2011.11.28"]
[Round "?"]
[White "Ferrer, Jordi"]
[Black "Morcin, Tom"]
[Result "1-0"]
[WhiteElo "2076"]
[BlackElo "2117"]
[PlyCount "73"]
[EventDate "2011.11.29"]
[EventType "tourn (corr)"]
[EventRounds "6"]
[EventCountry "GER"]
[SourceTitle "Telechess CBM 153"]
[Source "ChessBase"]
[SourceDate "2013.03.14"]
[SourceVersion "1"]
[SourceVersionDate "2013.03.14"]
[SourceQuality "1"]

1. e4 e5 2. Nf3 Nc6 3. d4 exd4 4. Nxd4 Bc5 5. Nb3 Bb6 6. Nc3 Qf6 7. Qe2 Nge7 8. h4 h6 9. Be3 d6 10. 0-0-0 Be6 11. Kb1 0-0 12. f4 Rfe8 13. Bc1 a5 14. Na4 Ba7 15. g4 b5 16. g5 Qg6 17. Nc3 a4 18. Nd2 b4 19. Nb5 Bb6 20. Nc4 Bxc4 21. Qxc4 Qe6 22. gxh6 Qxh6 23. h5 Qe6 24. h6 gxh6 25. Qxe6 fxe6 26. Bc4 d5 27. exd5 Na5 28. Bd3 Nxd5 29. Rxh6 Kg7 30. Rh7+ Kg8 31. Rd2 Nxf4 32. Rd7 Be3 33. Rd1 Nxd3 34. Bxe3 Ne5 35. Rg1+ Kh8 36. Rxc7 Rac8 37. Bg5 1-0

[Event "LSS No Engine Cup 39 Final"]
[Site "LSS email"]
[Date "2011.11.28"]
[Round "?"]
[White "Gamb, Roper"]
[Black "Ferrer, Jordi"]
[Result "1/2-1/2"]
[WhiteElo "2002"]
[BlackElo "2076"]
[PlyCount "69"]
[EventDate "2011.11.29"]
[EventType "tourn (corr)"]
[EventRounds "6"]
[EventCountry "GER"]
[SourceTitle "Telechess CBM 153"]
[Source "ChessBase"]
[SourceDate "2013.03.14"]
[SourceVersion "1"]
[SourceVersionDate "2013.03.14"]
[SourceQuality "1"]

1. d4 Nf6 2. Nf3 g6 3. c4 c5 4. e3 Bg7 5. Nc3 0-0 6. Be2 cxd4 7. exd4 d5 8. c5 b6 9. 0-0 Ne4 10. cxb6 axb6 11. Bf4 Nc6 12. Rc1 Bg4 13. Re1 Bxf3 14. Bxf3 Nxd4 15. Nxd5 Nxf3+ 16. gxf3 e5 17. Be3 Ng5 18. Kg2 Ne6 19. Qb3 Ra5 20. Nxb6 Nd4 21. Bxd4 exd4 22. f4 d3 23. Re4 Qd6 24. Nc4 Qd5 25. Nd2 Qd7 26. h3 Rb5 27. Rc7 Qxc7 28. Qxb5 Qc2 29. Qb4 Rc8 30. Qb7 Bf6 31. a4 Bxb2 32. Nf3 Qc6 33. Re7 Qxb7 34. Rxb7 Bf6 35. a5 1/2-1/2

[Event "RB-2011-0-00112"]
[Site "LSS email"]
[Date "2011.04.22"]
[Round "?"]
[White "Ferrer, Jordi"]
[Black "Oliveira, Diogo Luiz"]
[Result "1-0"]
[WhiteElo "1986"]
[BlackElo "1991"]
[PlyCount "77"]
[EventDate "2011.03.20"]
[EventType "tourn (corr)"]
[EventRounds "6"]
[EventCountry "GER"]
[SourceTitle "Telechess CBM 147"]
[Source "ChessBase"]
[SourceDate "2012.03.16"]
[SourceVersion "1"]
[SourceVersionDate "2012.03.16"]
[SourceQuality "1"]

1. e4 c5 2. Nf3 d6 3. d4 cxd4 4. Nxd4 Nf6 5. Nc3 g6 6. Be3 Bg7 7. f3 Nc6 8. Qd2 0-0 9. Bc4 Bd7 10. 0-0-0 Rc8 11. Bb3 Ne5 12. Kb1 a6 13. h4 h5 14. g4 hxg4 15. h5 Nxh5 16. Rdg1 Qa5 17. Bh6 Bf6 18. fxg4 Bxg4 19. Bf4 Rxc3 20. bxc3 Nxf4 21. Qxf4 Qxc3 22. Qh6 Re8 23. Rxg4 e6 24. Rf4 Nc4 25. Bxc4 Qxd4 26. Rxf6 Qxf6 27. a3 Qd4 28. Bb3 Qg7 29. Qh2 Rd8 30. Qg1 Rf8 31. Qb6 Qe5 32. Qxb7 d5 33. Qxa6 Qxe4 34. Qf1 Kg7 35. Qh3 Rb8 36. Qh6+ Kf6 37. Rf1+ Ke7 38. Qg5+ Ke8 39. Qg3 1-0

[Event "RB-2011-0-00112"]
[Site "LSS email"]
[Date "2011.04.22"]
[Round "?"]
[White "Ferrer, Jordi"]
[Black "Sherwood, Russell"]
[Result "1/2-1/2"]
[WhiteElo "1986"]
[BlackElo "1796"]
[PlyCount "67"]
[EventDate "2011.03.20"]
[EventType "tourn (corr)"]
[EventRounds "6"]
[EventCountry "GER"]
[SourceTitle "Telechess CBM 147"]
[Source "ChessBase"]
[SourceDate "2012.03.16"]
[SourceVersion "1"]
[SourceVersionDate "2012.03.16"]
[SourceQuality "1"]

1. e4 c5 2. Nf3 d6 3. d4 cxd4 4. Nxd4 Nf6 5. Nc3 a6 6. Be3 e5 7. Nb3 Be6 8. f3 Be7 9. Qd2 0-0 10. 0-0-0 b5 11. g4 Nbd7 12. Rg1 Nb6 13. g5 Nh5 14. Nd5 Nxd5 15. exd5 Bd7 16. f4 Nxf4 17. Bxf4 exf4 18. Qxf4 Qb6 19. Nd4 Rae8 20. Kb1 g6 21. h4 Bd8 22. Rh1 Qc5 23. Be2 f6 24. Qh2 Qxd5 25. h5 Qe5 26. hxg6 Qxh2 27. Rxh2 fxg5 28. Rxh7 Re7 29. a4 Rxh7 30. gxh7+ Kxh7 31. axb5 axb5 32. Nxb5 Bxb5 33. Bxb5 Bc7 34. Re1 1/2-1/2

[Event "LSS No Engine Cup 39 Preliminary 6"]
[Site "LSS email"]
[Date "2011.03.15"]
[Round "?"]
[White "Ferrer, Jordi"]
[Black "Ausan, Leo Tito Jr"]
[Result "1-0"]
[WhiteElo "1986"]
[BlackElo "1074"]
[PlyCount "65"]
[EventDate "2011.03.16"]
[EventType "tourn (corr)"]
[EventRounds "6"]
[EventCountry "GER"]
[SourceTitle "Telechess CBM 147"]
[Source "ChessBase"]
[SourceDate "2012.03.16"]
[SourceVersion "1"]
[SourceVersionDate "2012.03.16"]
[SourceQuality "1"]

1. e4 c5 2. Nf3 e6 3. d4 cxd4 4. Nxd4 a6 5. Bd3 Qc7 6. 0-0 Nc6 7. Nxc6 bxc6 8. c4 e5 9. Nc3 d6 10. Kh1 Be7 11. f4 Nf6 12. f5 Bb7 13. Be3 d5 14. cxd5 cxd5 15. Rc1 Qd7 16. Nxd5 Nxd5 17. exd5 Qxd5 18. Qa4+ Kf8 19. Qc2 h5 20. Rfd1 Kg8 21. f6 gxf6 22. Bf5 Qb5 23. a4 Qb4 24. Rd3 Rb8 25. Ba7 Re8 26. Rb3 Qxa4 27. Rg3+ Qg4 28. Bxg4 hxg4 29. Qa4 Kf8 30. Qxg4 Bd8 31. Bc5+ Re7 32. Qg7+ Ke8 33. Qxh8+ 1-0

[Event "LSS No Engine Cup 39 Preliminary 6"]
[Site "LSS email"]
[Date "2011.03.15"]
[Round "?"]
[White "Ferrer, Jordi"]
[Black "Stadler, Pavel"]
[Result "1-0"]
[WhiteElo "1986"]
[BlackElo "1499"]
[PlyCount "79"]
[EventDate "2011.03.16"]
[EventType "tourn (corr)"]
[EventRounds "6"]
[EventCountry "GER"]
[SourceTitle "Telechess CBM 147"]
[Source "ChessBase"]
[SourceDate "2012.03.16"]
[SourceVersion "1"]
[SourceVersionDate "2012.03.16"]
[SourceQuality "1"]

1. e4 c5 2. Nf3 d6 3. d4 cxd4 4. Nxd4 Nf6 5. f3 g6 6. c4 Bg7 7. Nc3 Nc6 8. Be3 0-0 9. Qd2 Nxd4 10. Bxd4 Be6 11. Be2 Rc8 12. b3 a6 13. 0-0 Qa5 14. Qb2 Nh5 15. Bxg7 Qc5+ 16. Kh1 Nxg7 17. Rac1 f5 18. exf5 Qxf5 19. Rfd1 Qf6 20. Bd3 Nf5 21. Qd2 Rfe8 22. Ne4 Qe5 23. Re1 Qd4 24. Rcd1 Bd7 25. Qa5 Qa7 26. c5 Be6 27. Qa4 Bf7 28. Bc4 Bxc4 29. Qxc4+ Kh8 30. g4 Ng7 31. Ng5 e6 32. Nf7+ Kg8 33. Nxd6 Rxc5 34. Qd4 Ra8 35. Ne4 Rcc8 36. Qe5 Qb8 37. Nf6+ Kh8 38. Qg5 Qc7 39. Qh4 Ne8 40. Rd7 1-0

[Event "RA-2011-0-00126"]
[Site "LSS email"]
[Date "2011.03.13"]
[Round "?"]
[White "Van Hooff, Ruud"]
[Black "Ferrer, Jordi"]
[Result "1/2-1/2"]
[WhiteElo "1967"]
[BlackElo "1977"]
[PlyCount "65"]
[EventDate "2011.02.06"]
[EventType "tourn (corr)"]
[EventRounds "6"]
[EventCountry "GER"]
[SourceTitle "Telechess CBM 145"]
[Source "Chessbase"]
[SourceDate "2011.11.11"]
[SourceVersion "1"]
[SourceVersionDate "2011.11.11"]
[SourceQuality "1"]

1. d4 Nf6 2. c4 g6 3. Nc3 Bg7 4. e4 d6 5. Nf3 0-0 6. Be2 e5 7. 0-0 Na6 8. Be3 Ng4 9. Bg5 Qe8 10. Re1 exd4 11. Nd5 f6 12. Bf4 d3 13. Qxd3 Ne5 14. Qd2 Qf7 15. b4 Bg4 16. Nxe5 fxe5 17. Bg3 Bxe2 18. Rxe2 Rad8 19. f3 c6 20. Ne3 Nc7 21. Qc3 d5 22. cxd5 cxd5 23. Rc1 Nb5 24. Qd3 Nd4 25. Nxd5 Nxe2+ 26. Qxe2 Rc8 27. Rd1 Qe8 28. a4 b6 29. Qa2 Kh8 30. Bf2 Qd7 31. a5 b5 32. Qe2 Qb7 33. Bc5 1/2-1/2

[Event "WC-2015-P-00017"]
[Site "LSS email"]
[Date "2011.02.20"]
[Round "?"]
[White "Feng, Jason"]
[Black "Ferrer, Jordi"]
[Result "0-1"]
[WhiteElo "854"]
[BlackElo "2075"]
[PlyCount "76"]
[EventDate "2011.02.24"]
[EventType "tourn (corr)"]
[EventRounds "6"]
[EventCountry "GER"]
[SourceTitle "Telechess CBM 155"]
[Source "ChessBase"]
[SourceDate "2013.07.16"]
[SourceVersion "1"]
[SourceVersionDate "2013.07.16"]
[SourceQuality "1"]

1. d4 Nf6 2. c4 g6 3. Nc3 Bg7 4. e4 d6 5. Nf3 0-0 6. Be2 Na6 7. 0-0 e5 8. dxe5 dxe5 9. Qxd8 Rxd8 10. Nxe5 Nxe4 11. Nxe4 Bxe5 12. Bg5 Re8 13. Bf6 Bxb2 14. Bxb2 Rxe4 15. Bd3 Re8 16. Rfe1 Be6 17. Rac1 Nb4 18. Bb1 Bxc4 19. a3 Rxe1+ 20. Rxe1 Nd5 21. Bd4 Nf4 22. Bb2 Ne2+ 23. Kh1 Re8 24. Rd1 f5 25. h4 Nf4 26. g3 Nd5 27. h5 Re2 28. Bd4 b6 29. hxg6 hxg6 30. Bd3 Bxd3 31. Rxd3 Kf7 32. Kg2 Ke6 33. Kf3 Ra2 34. g4 c5 35. gxf5+ gxf5 36. Be3 c4 37. Rd4 Rxa3 38. Rxc4 f4 0-1

[Event "WC-2015-P-00017"]
[Site "LSS email"]
[Date "2011.02.20"]
[Round "?"]
[White "Fortunato, Lorenzo"]
[Black "Ferrer, Jordi"]
[Result "1/2-1/2"]
[WhiteElo "2139"]
[BlackElo "2075"]
[PlyCount "71"]
[EventDate "2011.02.24"]
[EventType "tourn (corr)"]
[EventRounds "6"]
[EventCountry "GER"]
[SourceTitle "Telechess CBM 155"]
[Source "ChessBase"]
[SourceDate "2013.07.16"]
[SourceVersion "1"]
[SourceVersionDate "2013.07.16"]
[SourceQuality "1"]

1. e4 c6 2. c4 d5 3. cxd5 cxd5 4. exd5 Nf6 5. Nc3 Nxd5 6. Nf3 e6 7. Bc4 Nxc3 8. bxc3 Qc7 9. Qe2 Be7 10. d4 0-0 11. 0-0 Nd7 12. Re1 b6 13. Bd5 Rb8 14. Bd2 Nf6 15. Bb3 Bd6 16. Bc2 Bb7 17. Ne5 Nd7 18. f4 g6 19. Bd3 Rfd8 20. Rab1 Rbc8 21. a4 Nf6 22. Qf2 Bf8 23. Qh4 Bg7 24. Re3 Qd6 25. Qe1 Rb8 26. Qf2 Nd5 27. Rh3 Rbc8 28. Qe1 Rc7 29. a5 bxa5 30. Nc4 Qe7 31. Nxa5 Bc8 32. Bf1 e5 33. fxe5 Bxh3 34. gxh3 Nb6 35. Be3 f6 36. c4 1/2-1/2

[Event "LSS No Engine Cup 03 Final"]
[Site "LSS email"]
[Date "2010.04.06"]
[Round "?"]
[White "Ferrer, Jordi"]
[Black "Pehl, Jozsef"]
[Result "1-0"]
[WhiteElo "1916"]
[BlackElo "1673"]
[PlyCount "81"]
[EventDate "2010.04.07"]
[EventType "tourn (corr)"]
[EventRounds "6"]
[EventCountry "GER"]
[SourceTitle "Telechess CBM 141"]
[Source "ChessBase"]
[SourceDate "2011.03.17"]
[SourceVersion "1"]
[SourceVersionDate "2011.03.17"]
[SourceQuality "1"]

1. e4 c5 2. Nf3 d6 3. d4 cxd4 4. Nxd4 Nf6 5. Nc3 Nc6 6. f3 e6 7. Be3 a6 8. g4 Be7 9. Qd2 Nxd4 10. Bxd4 b5 11. h4 0-0 12. 0-0-0 b4 13. Ne2 e5 14. Be3 Qa5 15. Kb1 Be6 16. Nc1 d5 17. g5 d4 18. Bxd4 Rfd8 19. Qe1 Rxd4 20. Rxd4 exd4 21. gxf6 Bxf6 22. f4 Rc8 23. Bd3 Qc5 24. e5 Be7 25. Nb3 Bxb3 26. axb3 Qc6 27. Qd1 Bf8 28. Rg1 Kh8 29. Qh5 g6 30. Qg4 Bg7 31. h5 Rg8 32. Qh3 Bf8 33. hxg6 fxg6 34. e6 Qe8 35. f5 gxf5 36. Rh1 Rg7 37. Qxf5 Qe7 38. Rf1 Rg8 39. Qe5+ Bg7 40. Qe4 Bf8 41. Rf7 1-0

[Event "LSS WC-2014-P-00010"]
[Site "LSS email"]
[Date "2010.02.18"]
[Round "?"]
[White "Rolle, Hannes"]
[Black "Ferrer, Jordi"]
[Result "1-0"]
[WhiteElo "2165"]
[BlackElo "1896"]
[PlyCount "109"]
[EventDate "2010.02.24"]
[EventType "tourn (corr)"]
[EventRounds "6"]
[EventCountry "GER"]
[SourceTitle "Telechess CBM 141"]
[Source "ChessBase"]
[SourceDate "2011.03.17"]
[SourceVersion "1"]
[SourceVersionDate "2011.03.17"]
[SourceQuality "1"]

1. e4 g6 2. d4 Bg7 3. Nc3 d6 4. f4 Nf6 5. Nf3 0-0 6. Bd3 Nc6 7. e5 dxe5 8. fxe5 Nd5 9. Nxd5 Qxd5 10. c3 f6 11. Qe2 Kh8 12. Be4 Qf7 13. 0-0 fxe5 14. d5 Nd8 15. Bd2 Qe8 16. c4 Bg4 17. Bc3 Nf7 18. h3 Bxf3 19. Rxf3 Qa4 20. Raf1 Kg8 21. d6 cxd6 22. Bd5 Bf6 23. g4 Qd7 24. Bxf7+ Rxf7 25. g5 Raf8 26. gxf6 Rxf6 27. Kh2 Rxf3 28. Rxf3 Rf5 29. Be1 Qc6 30. Rxf5 gxf5 31. Qh5 f4 32. b3 Qd7 33. Bf2 a6 34. a4 Kg7 35. a5 h6 36. Qf3 Qc7 37. Qd5 Qd7 38. Qg2+ Kf7 39. Qe4 Kg7 40. b4 Qc7 41. b5 Qc8 42. b6 Kf7 43. Bh4 Ke8 44. Qg6+ Kd7 45. Qf7 Qd8 46. Qf5+ Ke8 47. Qe6 Kf8 48. Qxh6+ Kf7 49. Qh7+ Ke6 50. Qg6+ Kd7 51. Qf5+ Ke8 52. Qe6 f3 53. Bg5 d5 54. c5 e4 55. Kg1 1-0

[Event "LSS RB-2009-0-00064"]
[Site "LSS email"]
[Date "2009.09.24"]
[Round "?"]
[White "Ferrer, Jordi"]
[Black "Jordaan, Wayne"]
[Result "1/2-1/2"]
[WhiteElo "1897"]
[BlackElo "1786"]
[PlyCount "96"]
[EventDate "2009.08.18"]
[EventType "tourn (corr)"]
[EventRounds "6"]
[EventCountry "GER"]
[SourceTitle "Telechess CBM 137"]
[Source "ChessBase"]
[SourceDate "2010.07.15"]
[SourceVersion "1"]
[SourceVersionDate "2010.07.15"]
[SourceQuality "1"]

1. e4 c6 2. d4 d5 3. exd5 cxd5 4. c4 Nf6 5. Nc3 e6 6. Nf3 Bb4 7. Bd3 dxc4 8. Bxc4 0-0 9. 0-0 b6 10. Bg5 Bb7 11. Rc1 Nbd7 12. a3 Be7 13. Qe2 a6 14. a4 Re8 15. Rfd1 Nd5 16. Bd2 Nxc3 17. Bxc3 Bd6 18. Ne5 Qh4 19. g3 Qh3 20. f3 Nf6 21. Qf2 Nd5 22. Bd2 Rac8 23. Bf1 Qf5 24. Bd3 Qf6 25. Nc4 Bc7 26. Re1 Red8 27. Be4 Bc6 28. a5 bxa5 29. Nxa5 Ba8 30. Nb3 Bb6 31. Rxc8 Rxc8 32. Kg2 Qd8 33. Nc5 a5 34. b3 Nb4 35. Bxb4 axb4 36. Bxa8 Rxa8 37. Rc1 e5 38. Rc4 exd4 39. Nd3 g6 40. Qc2 Kg7 41. Rxb4 Ra7 42. Nf4 Rd7 43. Qd3 Kh8 44. Qe4 d3 45. Rxb6 d2 46. Qe5+ Kg8 47. Ne6 fxe6 48. Qxe6+ Kg7 1/2-1/2

[Event "LSS No Engine Cup Gr03 prel 01 email"]
[Site "LSS email"]
[Date "2009.07.16"]
[Round "?"]
[White "Traczewski, Wojciech"]
[Black "Ferrer, Jordi"]
[Result "0-1"]
[WhiteElo "1674"]
[BlackElo "1932"]
[PlyCount "120"]
[EventDate "2009.07.17"]
[EventType "tourn (corr)"]
[EventRounds "6"]
[EventCountry "GER"]
[SourceTitle "Telechess CBM 135"]
[Source "ChessBase"]
[SourceDate "2010.03.17"]
[SourceVersion "1"]
[SourceVersionDate "2010.03.17"]
[SourceQuality "1"]

1. e4 e5 2. Nf3 d5 3. exd5 e4 4. Qe2 Nf6 5. d3 Be7 6. dxe4 0-0 7. Bf4 Re8 8. Nbd2 Bd6 9. Bg5 a6 10. 0-0-0 b5 11. Re1 Nbd7 12. Nd4 Bb7 13. Qd1 Nc5 14. f3 h6 15. Be3 Qd7 16. g4 c6 17. dxc6 Bxc6 18. Nf5 Rad8 19. h4 Na4 20. Nb3 Be5 21. Bd4 Qc7 22. g5 Nh5 23. Rg1 hxg5 24. hxg5 g6 25. Nh6+ Kh7 26. Kb1 Bxd4 27. Nxd4 Qa5 28. a3 Rxd4 29. Qxd4 Qxe1+ 30. Ka2 Qc1 31. Bd3 Rd8 32. Rxc1 Rxd4 33. Nxf7 Be8 34. Ne5 Nc5 35. Bf1 a5 36. Bh3 Nf4 37. Bg4 Ne2 38. Re1 Rd2 39. Kb1 Kg7 40. b4 axb4 41. axb4 Na4 42. Be6 Nd4 43. Bb3 Nxb3 44. cxb3 Nc3+ 45. Kc1 Rg2 46. Re3 Na2+ 47. Kd1 Rxg5 48. f4 Rg2 49. Ke1 Nxb4 50. Rc3 Kf6 51. Kf1 Rb2 52. Rc8 Ke7 53. Rc7+ Kd6 54. Rc8 Bc6 55. Nxc6 Nxc6 56. Rg8 Rxb3 57. Rxg6+ Kc5 58. f5 b4 59. Kf2 Ne5 60. Rg7 Kd4 0-1

[Event "LSS OP-2009-0-00892"]
[Site "LSS email"]
[Date "2009.07.05"]
[Round "?"]
[White "Jenneborg, Seved"]
[Black "Ferrer, Jordi"]
[Result "0-1"]
[WhiteElo "1620"]
[BlackElo "1932"]
[PlyCount "104"]
[EventDate "2009.06.27"]
[EventType "tourn (corr)"]
[EventRounds "4"]
[EventCountry "GER"]
[SourceTitle "Corr 2011"]
[Source "ChessBase"]
[SourceDate "2010.08.31"]
[SourceVersion "1"]
[SourceVersionDate "2010.08.31"]
[SourceQuality "1"]

1. d4 Nf6 2. c4 c5 3. d5 b5 4. cxb5 a6 5. bxa6 Bxa6 6. g3 d6 7. Bg2 g6 8. b3 Bg7 9. Bb2 0-0 10. Nh3 Nbd7 11. 0-0 Ra7 12. Nf4 Nxd5 13. Bxg7 Nxf4 14. Bxf8 Nxe2+ 15. Kh1 Qxf8 16. Re1 Nd4 17. Nc3 Ne5 18. Kg1 Bb7 19. Bxb7 Rxb7 20. Re3 Qa8 21. f4 Nec6 22. Rb1 Nb4 23. Rb2 e6 24. Rd2 d5 25. Na4 Qa7 26. Kh1 Nf5 27. Rc3 c4 28. bxc4 Ne3 29. Qe2 d4 30. Rxe3 dxe3 31. Rd8+ Kg7 32. Nc3 Qc5 33. Kg2 e5 34. a3 Nc6 35. Rd5 Qxa3 36. Qxe3 exf4 37. gxf4 Rb4 38. c5 Rc4 39. Nd1 Qa2+ 40. Kg3 Rc2 41. Qe4 h5 42. h3 Rc4 43. Qe3 h4+ 44. Kf3 Rc2 45. Rd6 Rg2 46. Qc3+ Kg8 47. Ne3 Rg3+ 48. Ke4 Qb1+ 49. Kd5 Qh1+ 50. Kc4 Qe4+ 51. Kb5 Rxe3 52. Qb2 Qf3 0-1

[Event "LSS ZI-2009-0-00456"]
[Site "LSS email"]
[Date "2009.07.03"]
[Round "?"]
[White "Ferrer, Jordi"]
[Black "Kepinski, Janusz"]
[Result "1-0"]
[WhiteElo "1966"]
[BlackElo "1595"]
[PlyCount "85"]
[EventDate "2009.06.24"]
[EventType "match (corr)"]
[EventRounds "2"]
[EventCountry "GER"]
[SourceTitle "Telechess CBM 137"]
[Source "ChessBase"]
[SourceDate "2010.07.15"]
[SourceVersion "1"]
[SourceVersionDate "2010.07.15"]
[SourceQuality "1"]

1. e4 e6 2. d3 d5 3. Nd2 Nc6 4. Ngf3 Nf6 5. c3 Be7 6. Be2 0-0 7. 0-0 e5 8. b4 a6 9. Qc2 Bg4 10. h3 Bh5 11. Bb2 Re8 12. a4 Qd6 13. Rfe1 dxe4 14. dxe4 Bg6 15. Rad1 Red8 16. Nh4 Nd5 17. Nc4 Qf6 18. Nxg6 Qxg6 19. Rxd5 Rxd5 20. Bh5 Rd2 21. Qxd2 Qxh5 22. Qd7 Rd8 23. Qxc7 Rd1 24. Rxd1 Qxd1+ 25. Kh2 Bg5 26. Qc8+ Nd8 27. Qg4 Qxg4 28. hxg4 f6 29. Nd6 Kf8 30. Ba3 Kg8 31. b5 axb5 32. a5 Bd2 33. Bb4 Nc6 34. Nxb7 Nb8 35. Nc5 Kf7 36. a6 Nc6 37. Nb3 Be1 38. Kg1 g5 39. Na5 Na7 40. Kf1 Bd2 41. Ke2 Bc1 42. Kd1 Bb2 43. Kc2 1-0